Axis Powers of World War 2 - Sudden Death - Statistics

General Stats
  • This quiz has been taken 1,491 times
    30 since last reset
  • The average score is 4 of 8
Answers on the Grid
Answers color-coded by a green-red scale on the quiz's grid according to % correct below.
USSR
Spain
Hungary
Yugoslavia
Sweden
Switzerland
Austria
Japan
China
United States
Romania
Bulgaria
Greece
Philippines
Australia
Thailand
Norway
Belgium
Netherlands
Portugal
United Kingdom
Canada
Italy
Czechoslovakia
Denmark
Germany
Luxembourg
Finland
New Zealand
 
Answer Stats
Answer % Correct
Germany
76%
Hungary
71%
Japan
71%
Italy
57%
Romania
57%
Bulgaria
48%
Finland
38%
Thailand
29%
No matching quizzes found
Score Distribution
Percent of People with Each Score
Percentile by Number Answered
Your Score History
You have not taken this quiz since the last reset